000
00306nam a2200121 a 4500
005
20140414093831.0
008
970110s19uu xx 00 eng d
050
_a
VHS SD
_b
R 45
245
_a
SIS AVP :
_b
(With Local College). Mar 15, 2002.
260
_c
March 15, 2002.
942
_c
AVM
999
_c
108690
_d
108690